Statistics for Presidents of Ireland

Click here to take the quiz!

General Stats

  • This quiz has been taken 21 times
  • The average score is 4 of 9

Answer Stats

HintAnswer% Correct
1959-1973Éamon de Valera
81%
1990-1997Mary Robinson
69%
2011-Michael Daniel Higgins
69%
1997-2011Mary McAleese
63%
1938-1945Douglas Hyde
44%
1974-1976Cearbhall Ó Dálaigh
25%
1973-1974Erskine Hamilton Childers
25%
1945-1959Seán Thomas O'Kelly
25%
1976-1990Patrick Hillery
19%

Score Distribution

Percentile by Number Answered

Percent of People with Each Score

Your Score History

You have not taken this quiz